Concurso escolar de lectura
Descripción Física:
1 díptic ; 16 cm
Materias:
Lectura -- Concursos
MARC
| LEADER | 00000nam a2200000Ia 4500 | ||
|---|---|---|---|
| 001 | 16496 | ||
| 003 | BGR | ||
| 005 | 20260324180146.0 | ||
| 008 | 160829s1917 xx 000 0 cat d | ||
| 080 | |a 3386, exp. de la Societat Foment i Avant ... | ||
| 110 | 2 | |a Fomento Martinense |9 70895 | |
| 245 | |a Concurso escolar de lectura | ||
| 260 | |a Barcelona : |b Imprenta Clavé, |c 1917 | ||
| 300 | |a 1 díptic ; |c 16 cm | ||
| 650 | |a Lectura |x Concursos |9 48116 | ||
| 901 | |a Arxiu | ||
| 942 | |n 1 |2 udc |c MON | ||
| 952 | |0 0 |1 0 |4 0 |6 3386_EXP_DE_LA_SOCIETAT_FOMENT_I_AVANT_ |7 1 |9 54335 |a Arxiu |b Arxiu |d 2016-12-01 |l 0 |o 3386, exp. de la Societat Foment i Avant ... |p 16496 |r 2016-12-01 00:00:00 |w 2016-12-01 |y ARXIU | ||
| 999 | |c 58204 |d 58204 | ||